| 000 | 01294cam a2200313 a 4500 | ||
|---|---|---|---|
| 001 | 12787031 | ||
| 003 | OSt | ||
| 005 | 20170105101205.0 | ||
| 008 | 020523s2003 at a b 001 0 eng | ||
| 010 | _a 2002068511 | ||
| 020 | _a0534597602 | ||
| 040 |
_aDLC _cDLC _dDLC |
||
| 050 | 0 | 0 |
_aBF713 _b.N48 2003 |
| 082 | 0 | 0 |
_a155 _221 |
| 100 | 1 | _aNewman, Barbara M. | |
| 245 | 1 | 0 |
_aDevelopment through life : _ba psychosocial approach / _cBarbara M. Newman, Philip R. Newman. |
| 250 | _a8th ed. | ||
| 260 |
_aAustralia ; _aBelmont, CA : _bWadsworth/Thomson Learning, _cc2003. |
||
| 300 |
_axx, 505 p. : _bill. ; _c28 cm. |
||
| 504 | _aIncludes bibliographical references (p. R1-R45) and index. | ||
| 650 | 0 |
_aDevelopmental psychology _vTextbooks. |
|
| 700 | 1 | _aNewman, Philip R. | |
| 856 | 4 | 2 |
_3Contributor biographical information _uhttp://www.loc.gov/catdir/enhancements/fy1514/2002068511-b.html |
| 856 | 4 | 2 |
_3Publisher description _uhttp://www.loc.gov/catdir/enhancements/fy1514/2002068511-d.html |
| 856 | 4 | 1 |
_3Table of contents only _uhttp://www.loc.gov/catdir/enhancements/fy1514/2002068511-t.html |
| 906 |
_a7 _bcbc _corignew _d1 _eocip _f20 _gy-gencatlg |
||
| 942 |
_2ddc _cBK |
||
| 999 |
_c2941 _d2941 |
||